000
00305nam a22001457a 4500
008
210311b ||||| |||| 00| 0 eng d
020
_a
9781558102828
041
_a
eng
080
_2
2nd
_a
610.73
082
_2
2nd
_a
610.73
100
_a
1
101
_a
INF
245
_a
Nursing
_c
ANA
942
_2
udc
_c
BK
999
_c
56444
_d
56444